Random States of India - Statistics

General Stats
  • This quiz has been taken 2,255 times
  • The average score is 8 of 10
Answers on the Map
Answers color-coded by a green-red scale on the quiz's map according to % correct below.
 
Answer Stats
State % Correct
Delhi
100%
Goa
100%
Tamil Nadu
100%
Uttar Pradesh
100%
Gujarat
96%
Maharashtra
95%
Sikkim
94%
Assam
93%
Jammu and Kashmir
92%
Punjab
92%
Karnataka
91%
Rajasthan
91%
West Bengal
91%
Andaman and Nicobar Islands
89%
Himachal Pradesh
89%
Telangana
89%
Haryana
88%
Madhya Pradesh
86%
Bihar
83%
Jharkhand
81%
Kerala
81%
Chhattisgarh
76%
Odisha
76%
Dadra and Nagar Haveli and Daman and Diu
75%
Andhra Pradesh
73%
Nagaland
73%
Arunachal Pradesh
72%
Meghalaya
69%
Ladakh
67%
Manipur
67%
Mizoram
67%
Tripura
67%
Uttarakhand
67%
Puducherry
57%
Lakshadweep
21%
Chandigarh
19%
No matching quizzes found
Score Distribution
Percent of People with Each Score
Percentile by Number Answered
Your Score History
You have not taken this quiz